ARRUPE JESUIT UNIVERSITY

CORONAVIRUS -STOP THE SPREAD - CLEAN,DISINFECT,COVER

Contemporary literary theory / (Record no. 122310)

MARC details
000 -LEADER
fixed length control field 01022cam a2200277 a 4500
001 - CONTROL NUMBER
control field 4801403
003 - CONTROL NUMBER IDENTIFIER
control field ARRUPE
005 - DATE AND TIME OF LATEST TRANSACTION
control field 20150423130354.0
008 - FIXED-LENGTH DATA ELEMENTS--GENERAL INFORMATION
fixed length control field 880412s1989 mau b s000 0 eng
010 ## - LIBRARY OF CONGRESS CONTROL NUMBER
LC control number 88014692
020 ## - INTERNATIONAL STANDARD BOOK NUMBER
International Standard Book Number 0870236415 (alk. paper) :
Terms of availability $40.00
020 ## - INTERNATIONAL STANDARD BOOK NUMBER
International Standard Book Number 0870236423 (pbk. : alk. paper) :
Terms of availability $12.95
040 ## - CATALOGING SOURCE
Original cataloging agency DLC
Transcribing agency DLC
Modifying agency OCoLC
-- DLC
050 00 - LIBRARY OF CONGRESS CALL NUMBER
Classification number PN94
Item number .C69 1989
082 00 - DEWEY DECIMAL CLASSIFICATION NUMBER
Classification number 801/.95/0904
Edition number 19
300 ## - PHYSICAL DESCRIPTION
Dimensions 24 cm.
245 00 - TITLE STATEMENT
Title Contemporary literary theory /
Statement of responsibility, etc edited by G. Douglas Atkins and Laura Morrow.
260 ## - PUBLICATION, DISTRIBUTION, ETC. (IMPRINT)
Place of publication, distribution, etc Amherst :
Name of publisher, distributor, etc University of Massachusetts Press,
Date of publication, distribution, etc 1989.
300 ## - PHYSICAL DESCRIPTION
Extent xiv, 249 p. ;
504 ## - BIBLIOGRAPHY, ETC. NOTE
Bibliography, etc Includes bibliographies.
650 #0 - SUBJECT ADDED ENTRY--TOPICAL TERM
Topical term or geographic name as entry element Criticism
Chronological subdivision 20th century.
9 (RLIN) 15911
700 1# - ADDED ENTRY--PERSONAL NAME
Personal name Atkins, G. Douglas
Fuller form of name (George Douglas),
Dates associated with a name 1943-
9 (RLIN) 15912
Relator term ed.
700 1# - ADDED ENTRY--PERSONAL NAME
Personal name Morrow, Laura,
Dates associated with a name 1953-
9 (RLIN) 15913
Relator term ed.
906 ## - LOCAL DATA ELEMENT F, LDF (RLIN)
a 7
b cbc
c orignew
d 1
e ocip
f 19
g y-gencatlg
942 ## - ADDED ENTRY ELEMENTS (KOHA)
Source of classification or shelving scheme Library of Congress Classification
Koha item type Monograph ( Printed materials)
Holdings
Withdrawn status Lost status Source of classification or shelving scheme Damaged status Not for loan Collection code Home library Current library Shelving location Date acquired Total Checkouts Full call number Barcode Date last seen Price effective from Koha item type
    Library of Congress Classification     Main Collection ARRUPE LIBRARY ARRUPE LIBRARY Main Collection 06/03/2015   PN94 .C69 1989 46500002898 27/03/2019 06/03/2015 Monograph ( Printed materials)

 

Arrupe Library. PO Box MP320 Mt Pleasant, Harare, Zimbabwe
263 242 745411|librarian@aju.ac.zw